Анализ и исследование энергетической эффективности топливно-энергетического комплекса Южно-Якутского региона; Современные техника и технологии; Т. 1

ग्रंथसूची विवरण
Parent link:Современные техника и технологии: сборник трудов XVIII международной научно-практической конференции студентов, аспирантов и молодых ученых, Томск, 9-13 апреля 2012 г/ Национальный исследовательский Томский политехнический университет (ТПУ).— , 2012
Т. 1.— 2012.— [С. 79-80]
मुख्य लेखक: Назаралиева П. Б.
अन्य लेखक: Киушкина В. Р. (научный руководитель)
सारांश:Заглавие с титульного листа
भाषा:रूसी
प्रकाशित: 2012
श्रृंखला:Секция 1. Электроэнергетика
विषय:
ऑनलाइन पहुंच:http://www.lib.tpu.ru/fulltext/v/Conferences/2012/C2/V1/v1_038.pdf
स्वरूप: इलेक्ट्रोनिक पुस्तक अध्याय
KOHA link:https://koha.lib.tpu.ru/cgi-bin/koha/opac-detail.pl?biblionumber=221084

MARC

LEADER 00000naa2a2200000 4500
001 221084
005 20260206164610.0
035 |a (RuTPU)RU\TPU\book\241226 
035 |a RU\TPU\book\241100 
090 |a 221084 
100 |a 20120906d2012 k y0rusy50 ca 
101 0 |a rus 
102 |a RU 
135 |a drnn ---uucaa 
181 0 |a i  
182 0 |a b 
200 1 |a Анализ и исследование энергетической эффективности топливно-энергетического комплекса Южно-Якутского региона  |f П. Б. Назаралиева  |g науч. рук. В. Р. Киушкина 
203 |a Текст  |c электронный 
215 |a 1 файл (679 Кб) 
225 1 |a Секция 1. Электроэнергетика 
300 |a Заглавие с титульного листа 
320 |a [Библиогр.: с. 80 (4 назв.)] 
337 |a Adobe Reader 
461 1 |0 (RuTPU)RU\TPU\book\240890  |t Современные техника и технологии  |o сборник трудов XVIII международной научно-практической конференции студентов, аспирантов и молодых ученых, Томск, 9-13 апреля 2012 г  |o в 3 т.  |f Национальный исследовательский Томский политехнический университет (ТПУ)  |d 2012 
463 1 |0 (RuTPU)RU\TPU\book\240891  |t Т. 1  |v [С. 79-80]  |d 2012 
610 1 |a электронный ресурс 
610 1 |a энергоэффективность 
610 1 |a топливно-энергетический комплекс 
610 1 |a эффективность 
610 1 |a Якутия 
610 1 |a энергоснабжение 
610 1 |a энергосбережение 
610 1 |a анализ 
700 1 |a Назаралиева  |b П. Б. 
702 1 |a Киушкина  |b В. Р.  |4 727 
801 2 |a RU  |b 63413507  |c 20140904  |g RCR 
856 4 |u http://www.lib.tpu.ru/fulltext/v/Conferences/2012/C2/V1/v1_038.pdf 
942 |c CF